| 000 | 00000nam##2200000za#4500 |
| 001 | 9.642136 |
| 003 | CaOODSP |
| 005 | 20210624223546 |
| 007 | cr ||||||||||| |
| 008 | 150407|1996||||xxc|||||o f|0| 0 fre|d |
| 040 | |aCaOODSP|bfre |
| 043 | |an-cn--- |
| 086 | 1 |aRH64-81/1996F-PDF |
| 110 | 1 |aCanada.|bDéveloppement des ressources humaines Canada. |bPolitique stratégique. |
| 245 | 10|aExamen des programmes visant à intégrer les bénéficiaires d'aide sociale à la population active / |h[ressource électronique]|c[par] Évaluation et développement des données. |
| 260 | |aOttawa - Ontario : |bDéveloppement des ressources humaines Canada. |cDécembre 1996. |
| 300 | |a81p.|bréférences, tableaux |
| 590 | |a13-16-Supp|b2013-07-12 |
| 691 | 07|aMarché du travail|2gcpds |
| 691 | 07|aServices sociaux|2gcpds |
| 775 | 08|tA review of programs for integrating social assistance recipients into the workforce / |w(CaOODSP)9.698142 |
| 856 | 40|ahttp://publications.gc.ca|qPDF|s359 Ko|uhttps://publications.gc.ca/collections/collection_2013/rhdcc-hrsdc/RH64-81-1996-fra.pdf |